Champions League Topscorer 2023/24 - Statistiken

Allgemein
  • Dieses Quiz wurde 214 mal gespielt
  • Das Durchschnittsergebnis liegt bei 9 aus 12
Antwortstatistiken
Rang Nation Verein Tore Antwort % Korrekt
3 Norwegen Manchester City 6 Erling Haaland
100%
1 England Bayern München 8 Harry Kane
100%
1 Frankreich Paris Saint-Germain 8 Kylian Mbappe
99%
3 Brasilien Real Madrid 6 Vinicius Junior
99%
3 Frankreich Atletico Madrid 6 Antoine Griezmann
94%
6 England Manchester City 5 Phil Foden
85%
6 Argentinien Manchester City 5 Julian Alvarez
81%
6 Brasilien Real Madrid 5 Rodrygo
81%
6 Dänemark Manchester United 5 Rasmus Hojlund
71%
6 Spanien Atletico Madrid 5 Alvaro Morata
68%
6 Spanien Real Madrid 5 Joselu
51%
6 Brasilien Porto 5 Galeno
16%
Keine übereinstimmenden Quizze gefunden
Verteilung der Resultate
Anzahl Personen mit jedem Resultat
Perzentil nach korrekt beantworteten Fragen
Ihre Resultats-Entwicklung
Sie haben dieses Quiz noch nicht gespielt